000 00526nam a2200181Ia 4500
005 20250923144707.0
008 008 250917s9999 xx 000 0 eng d
037 _aTextual
040 _aDSWL
_beng
_cDSWL
041 _aeng
_2eng
084 _aY:f, N59
_qDSWL
100 _aSelltiz, Claine
_9827456
245 0 _aResearch methods in social relations
_cby Claine Selltiz
260 _aHenry
_b. Henry Holt & Co.
_c1959
300 _axviii,672p.
942 _cTEXL
_hY:f, N59
999 _c1442142
_d1442142